000
00313nam a22001217a 4500
020
_a
9280310550
082
_a
370.1965 PHI
100
_a
PHILLIPS , H.M.
245
_a
PLANNING EDUCATION ASSISTANCE FOR THE SECOND DEVELOPMENT DECADE
260
_a
PARIS
_b
UNESCO
_c
1973
300
_a
75p.
_b
:ill.; 20cm.
942
_c
BK
999
_c
19872
_d
19872